[Event "AUTO-ELITE-2599"]
[Site "http://www.queenalice.com/game.php?id=1873480"]
[Date "2026.5.15"]
[Round "2"]
[White "Sexxy_Bunny"]
[Black "trompmaster"]
[Result "1-0"]
[WhiteElo "2661"]
[BlackElo "2454"]

1. e4 d5 2. exd5 Nf6 3. d4 Bg4 4. f3 Bf5 5. c4 e6 6. dxe6 Nc6 7. Be3 Qe7 8. Nc3
Nb4 9. Rc1 O-O-O 10. a3 Qxe6 11. Qd2 Nc2+ 12. Rxc2 Bxc2 13. d5 Qe5 14. Kf2 Qf5
15. h3 Nd7 16. g4 Qg6 17. Nge2 Bb3 18. Nd4 Nc5 19. Nxb3 Nxb3 20. Qd1 Nc5 21. b4
Nd7 22. Qd2 Kb8 23. Bd3 Qf6 24. g5 Qd6 25. Nb5 Qa6 26. Bxa7+ Kc8 27. Bd4 Kb8 28.
Rc1 Bd6 29. Ba7+ Ka8 30. c5 c6 31. Nc7+ Bxc7 32. Bxa6 bxa6 33. d6 Ba5 34. bxa5
Kxa7 35. Re1 h6 36. Re7 hxg5 37. Qxg5 Kb8 38. Qg4 Kc8 39. Qe4 Kb7 40. Rxf7 Rhf8
41. Rxg7 Rg8 42. Rxg8 Rxg8 43. Qe7 Kc8 44. h4 Rd8 45. h5 Rg8 46. h6 1-0

[Event "AUTO-ELITE-2599"]
[Site "http://www.queenalice.com/game.php?id=1873481"]
[Date "2026.5.15"]
[Round "2"]
[White "trompmaster"]
[Black "Sexxy_Bunny"]
[Result "0-1"]
[WhiteElo "2440"]
[BlackElo "2666"]

1. Nf3 d5 2. c4 e6 3. g3 Nf6 4. Bg2 Be7 5. O-O O-O 6. b3 c5 7. Bb2 Nc6 8. e3 b6
9. Nc3 Bb7 10. cxd5 Nxd5 11. Nxd5 Qxd5 12. d4 Rad8 13. Ne5 Qd6 14. dxc5 Qxc5 15.
Qe2 Nxe5 16. Bxb7 Bf6 17. Bg2 Ng6 18. Bxf6 gxf6 19. h4 h6 20. a4 Kg7 21. Rfc1
Qb4 22. Qb5 Qe7 23. a5 Rd6 24. b4 Ne5 25. Be4 Rfd8 26. Bg2 R8d7 27. Qa6 Qd8 28.
Rf1 Rd2 29. axb6 axb6 30. b5 Rc2 31. Ra2 Rc5 32. Raa1 Rd2 33. Qb7 f5 34. Ra7
Rcc2 35. Raa1 Ng4 36. Ra8 Qd6 37. Ra7 Ne5 38. Bc6 Qc5 39. Qe7 Qxe7 40. Rxe7 Rb2
41. e4 fxe4 42. Bxe4 Rxb5 43. Rc7 Rbb2 44. Bg2 b5 45. Bh3 Kg6 46. Bg2 Ng4 47.
Rb7 Nxf2 48. h5+ Kf6 49. Bc6 Kg7 50. Bg2 b4 51. g4 b3 52. Rxb3 Rxb3 53. Rxf2
Rb1+ 54. Rf1 Rxg2+ 55. Kxg2 Rxf1 56. Kxf1 Kf6 57. Kf2 Kg5 58. Kg3 f5 59. Kf3
fxg4+ 60. Kg3 Kxh5 61. Kg2 Kh4 0-1